| 000 | 00336nas a2200133 a 4500 | ||
|---|---|---|---|
| 001 | 5190 | ||
| 003 | CDMR | ||
| 005 | 20151102113042.0 | ||
| 008 | 130130s1988||||||||||||||||||||||||||||d | ||
| 040 |
_aCDMR _bcat _cCPC GIRONA |
||
| 245 | 0 |
_aM/M Mensajes y Medios _bRevista del Mundo de la Comunicación |
|
| 260 |
_c1988 _bRTVE |
||
| 942 |
_cMON _2udc |
||
| 999 |
_c5190 _d5190 |
||